[Event "Kharkov Caissa CC"]
[Site "Kharkov"]
[Date "2000.05.30"]
[Round "3"]
[White "Tomashevsky, Evgeny"]
[Black "Kravchenko, Vasiliy"]
[Result "1-0"]
[WhiteElo "2348"]
[BlackElo "2302"]
[PlyCount "65"]
[EventDate "2000.04.28"]
[EventType "tourn"]
[EventRounds "12"]
[EventCountry "UKR"]
[EventCategory "4"]
[SourceTitle "EXT 2001"]
[Source "ChessBase"]
[SourceDate "2000.11.22"]
[SourceVersion "1"]
[SourceVersionDate "2000.11.22"]
[SourceQuality "1"]

1. Nf3 Nf6 2. d4 c5 3. d5 b5 4. Bg5 Qb6 5. Bxf6 Qxf6 6. c3 Qb6 7. e4 d6 8. Nbd2 a5 9. a4 b4 10. Bb5+ Bd7 11. Nc4 Qc7 12. e5 Bxb5 13. axb5 Nd7 14. 0-0 f6 15. e6 Nb6 16. Nxa5 bxc3 17. bxc3 g6 18. Nc4 Rb8 19. Nxb6 Qxb6 20. c4 Bg7 21. Ra6 Qb7 22. Qa4 f5 23. b6+ Kf8 24. Ra7 Qc8 25. Rc7 Qd8 26. Qc6 Bf6 27. b7 Kg7 28. Rd7 Qa5 29. Qxd6 Rhd8 30. Rxe7+ Bxe7 31. Qxe7+ Kh6 32. Ne5 g5 33. Nf7+ 1-0

[Event "Kharkov Caissa CC"]
[Site "Kharkov"]
[Date "2000.05.29"]
[Round "2"]
[White "Kravchenko, Vasiliy"]
[Black "Simantsev, Mikhail"]
[Result "1-0"]
[WhiteElo "2302"]
[BlackElo "2447"]
[PlyCount "55"]
[EventDate "2000.04.28"]
[EventType "tourn"]
[EventRounds "12"]
[EventCountry "UKR"]
[EventCategory "4"]
[SourceTitle "EXT 2001"]
[Source "ChessBase"]
[SourceDate "2000.11.22"]
[SourceVersion "1"]
[SourceVersionDate "2000.11.22"]
[SourceQuality "1"]

1. d4 Nf6 2. c4 c5 3. d5 e6 4. Nc3 exd5 5. cxd5 d6 6. Nf3 g6 7. e4 Bg7 8. h3 0-0 9. Bd3 Nh5 10. 0-0 Nd7 11. Be3 Ne5 12. Nxe5 Bxe5 13. f4 Bg7 14. Qf3 Nf6 15. Rae1 Nd7 16. e5 dxe5 17. f5 b6 18. d6 Rb8 19. Nd5 Bb7 20. fxg6 fxg6 21. Ne7+ Kh8 22. Qg3 Nf6 23. Qh4 Qxd6 24. Nxg6+ Kg8 25. Bc4+ Rf7 26. Bxf7+ Kxf7 27. Rd1 Qc7 28. Rd7+ 1-0

[Event "Kharkov Caissa CC"]
[Site "Kharkov"]
[Date "2000.05.09"]
[Round "11"]
[White "Kravchenko, Vasiliy"]
[Black "Katuzian, Valery"]
[Result "1-0"]
[WhiteElo "2302"]
[BlackElo "2283"]
[PlyCount "41"]
[EventDate "2000.04.28"]
[EventType "tourn"]
[EventRounds "12"]
[EventCountry "UKR"]
[EventCategory "4"]
[SourceTitle "EXT 2001"]
[Source "ChessBase"]
[SourceDate "2000.11.22"]
[SourceVersion "1"]
[SourceVersionDate "2000.11.22"]
[SourceQuality "1"]

1. d4 Nf6 2. c4 e6 3. Nc3 Bb4 4. g3 c5 5. Nf3 b6 6. Bg2 Bb7 7. 0-0 0-0 8. d5 Bxc3 9. bxc3 exd5 10. Nh4 Ne4 11. cxd5 Nxc3 12. Qc2 Nb5 13. Be4 h6 14. e3 d6 15. Bb2 Nc7 16. Bh7+ Kh8 17. Ng6+ Kxh7 18. Nxf8+ Kg8 19. Qh7+ Kxf8 20. Qxg7+ Ke8 21. Bf6 1-0

[Event "Kharkov Caissa CC"]
[Site "Kharkov"]
[Date "2000.05.07"]
[Round "9"]
[White "Gnidash, Alexsander"]
[Black "Kravchenko, Vasiliy"]
[Result "0-1"]
[WhiteElo "2254"]
[BlackElo "2302"]
[PlyCount "62"]
[EventDate "2000.04.28"]
[EventType "tourn"]
[EventRounds "12"]
[EventCountry "UKR"]
[EventCategory "4"]
[SourceTitle "EXT 2001"]
[Source "ChessBase"]
[SourceDate "2000.11.22"]
[SourceVersion "1"]
[SourceVersionDate "2000.11.22"]
[SourceQuality "1"]

1. e4 e5 2. Nf3 d6 3. d4 Nf6 4. Nc3 Nbd7 5. Bc4 Be7 6. Ng5 0-0 7. Bxf7+ Rxf7 8. Ne6 Qe8 9. Nxc7 Qd8 10. Nxa8 b5 11. dxe5 Nxe5 12. Bf4 Bd7 13. Bxe5 dxe5 14. Nd5 Bc5 15. Nxf6+ Qxf6 16. 0-0 Bc6 17. Qd3 Bxa8 18. Qxb5 Bxf2+ 19. Kh1 h6 20. Rad1 Bxe4 21. Qe2 Qh4 22. Rd3 Bxd3 23. cxd3 Bg3 24. h3 Rxf1+ 25. Qxf1 Bf4 26. d4 Qg3 27. Qc4+ Kh8 28. Qc8+ Kh7 29. Qf5+ Qg6 30. Qxg6+ Kxg6 31. dxe5 Bxe5 0-1

[Event "Kharkov Caissa CC"]
[Site "Kharkov"]
[Date "2000.05.03"]
[Round "6"]
[White "Kravchenko, Vasiliy"]
[Black "Shalimov, Valery"]
[Result "1-0"]
[WhiteElo "2302"]
[BlackElo "2400"]
[PlyCount "57"]
[EventDate "2000.04.28"]
[EventType "tourn"]
[EventRounds "12"]
[EventCountry "UKR"]
[EventCategory "4"]
[SourceTitle "EXT 2001"]
[Source "ChessBase"]
[SourceDate "2000.11.22"]
[SourceVersion "1"]
[SourceVersionDate "2000.11.22"]
[SourceQuality "1"]

1. e4 c5 2. Nf3 Nc6 3. d4 cxd4 4. Nxd4 Nf6 5. Nc3 e5 6. Ndb5 d6 7. Bg5 a6 8. Na3 b5 9. Nd5 Be7 10. Nxe7 Nxe7 11. Bxf6 gxf6 12. Bd3 Bb7 13. Qe2 Rc8 14. 0-0-0 0-0 15. Kb1 Kh8 16. Rhe1 Rc5 17. c3 Qa8 18. Bc2 d5 19. Qf3 f5 20. Qe3 Qc8 21. exd5 f6 22. d6 Nd5 23. d7 Qc7 24. Qh6 Rf7 25. Bxf5 Qd6 26. Nc2 Bc6 27. Be6 Rxd7 28. Bxd7 Qxd7 29. Ne3 1-0

[Event "Kharkov Caissa CC"]
[Site "Kharkov"]
[Date "2000.05.01"]
[Round "4"]
[White "Kravchenko, Vasiliy"]
[Black "Vorobiov, Evgeny E"]
[Result "1-0"]
[WhiteElo "2302"]
[BlackElo "2500"]
[PlyCount "65"]
[EventDate "2000.04.28"]
[EventType "tourn"]
[EventRounds "12"]
[EventCountry "UKR"]
[EventCategory "4"]
[SourceTitle "EXT 2001"]
[Source "ChessBase"]
[SourceDate "2000.11.22"]
[SourceVersion "1"]
[SourceVersionDate "2000.11.22"]
[SourceQuality "1"]

1. e4 e5 2. Nf3 d6 3. d4 exd4 4. Nxd4 g6 5. Nc3 Bg7 6. Be3 Nf6 7. Qd2 0-0 8. 0-0-0 Nc6 9. f3 Nxd4 10. Bxd4 Be6 11. h4 c5 12. Be3 Qa5 13. Kb1 b5 14. Be2 Rab8 15. Nd5 Qa4 16. Nc3 Qa5 17. Nd5 Qa4 18. Nc3 Qb4 19. Bh6 Bxh6 20. Qxh6 Rb6 21. h5 Ra6 22. hxg6 fxg6 23. Nd5 Bxd5 24. Rxd5 Qa4 25. a3 Rf7 26. Rg5 Rg7 27. Qh3 Re7 28. Qf5 d5 29. Qc8+ Kg7 30. e5 Nd7 31. Qd8 Rf7 32. Rg4 c4 33. Rxh7+ 1-0